000 00641nam a2200253Ia 4500
005 20260123122735.0
008 008 260114s9999 xx 000 0 eng d
020 _a9788132112136
037 _aEBOOK
040 _aCRL
040 _beng
040 _cCRL
041 _2eng
041 _aeng
084 _qCRL
100 _aUsha Thakkar, Jayshree Mehta (Editors)
_91105009
245 0 _aUnderstanding Gandhi: Gandhians in Conversation with Fred J Blum
260 _bSAGE
260 _c2013
856 _uhttps://sk.sagepub.com/books/understanding-gandhi
942 _cEBOOK
999 _c1670245
_d1670245